000 00501nam a22001697a 4500
005 20240108102158.0
008 220209b ||||| |||| 00| 0 eng d
020 _a978-93-87686-86-1
041 _aeng
082 _a610
100 _aSHAIKH, TANVIR. Y , USMAN Dr. MD. RAGEEBMD , SHAIKH Dr. SIRAJ N AND BENDEGUMBLE BASAWARAJ
_98272
245 _aA PRACTICAL BOOK PHYSICAL PHARMACEUTICS-I [SEM-I]
260 _aPUNE
_bNIRALI PRAKASHAN
300 _a54;p
650 _aPHARMACY
_xB.PHARMA
942 _cBK
999 _c7883
_d7881